[Event "Altenkirchen Seniors op 19th"]
[Site "Altenkirchen"]
[Date "2022.07.23"]
[Round "5"]
[White "Schuett, Guenter"]
[Black "Pfaff, Helmut"]
[Result "1-0"]
[WhiteElo "1550"]
[BlackElo "1201"]
[PlyCount "117"]
[EventDate "2022.07.19"]
[EventType "swiss"]
[EventRounds "9"]
[EventCountry "GER"]
[SourceTitle "CBM 209 Extra"]
[Source "ChessBase"]
[SourceDate "2022.09.30"]
[SourceVersion "1"]
[SourceVersionDate "2022.09.30"]
[SourceQuality "1"]

1. c4 c5 2. Nc3 e6 3. e3 Nf6 4. Nf3 d5 5. cxd5 exd5 6. Bb5+ Nc6 7. Ne5 Qd6 8. Qa4 Bd7 9. Nxd7 Nxd7 10. a3 a6 11. Bxc6 bxc6 12. 0-0 Be7 13. Qg4 Nf6 14. Qf3 0-0 15. d3 d4 16. exd4 cxd4 17. Bf4 Qd7 18. Ne4 Nxe4 19. Qxe4 Rac8 20. Rac1 c5 21. Rfe1 Rfe8 22. Qf3 Bd6 23. Rxe8+ Rxe8 24. Qd5 Re6 25. Kf1 Qe7 26. Bxd6 Rxd6 27. Qxc5 Qf8 28. Qc8 f6 29. Qb7 Rd8 30. Qxa6 h5 31. Rc7 Ra8 32. Qc4+ Kh8 33. Qf7 Qxf7 34. Rxf7 Rc8 35. Re7 Rc1+ 36. Re1 Rc2 37. Rb1 Rd2 38. Ke1 Rxd3 39. Ke2 Rb3 40. Kd2 Rb6 41. Kd3 Rd6 42. Rc1 f5 43. b4 g5 44. b5 g4 45. a4 Rb6 46. Rc6 Rb8 47. b6 f4 48. a5 h4 49. a6 g3 50. h3 gxf2 51. Ke2 d3+ 52. Kxf2 Rd8 53. Ke1 d2+ 54. Kd1 Rd3 55. b7 Rb3 56. Rc8+ Kg7 57. b8Q Rxb8 58. Rxb8 f3 59. gxf3 1-0

[Event "Altenkirchen Seniors op 19th"]
[Site "Altenkirchen"]
[Date "2022.07.21"]
[Round "3"]
[White "Cordsen, Heinrich"]
[Black "Schuett, Guenter"]
[Result "1-0"]
[WhiteElo "1744"]
[BlackElo "1550"]
[PlyCount "65"]
[EventDate "2022.07.19"]
[EventType "swiss"]
[EventRounds "9"]
[EventCountry "GER"]
[SourceTitle "CBM 209 Extra"]
[Source "ChessBase"]
[SourceDate "2022.09.30"]
[SourceVersion "1"]
[SourceVersionDate "2022.09.30"]
[SourceQuality "1"]

1. e4 c5 2. f4 Nc6 3. Nf3 e6 4. Bb5 Qc7 5. Bxc6 Qxc6 6. d3 d6 7. b3 Be7 8. Bb2 Bf6 9. e5 dxe5 10. fxe5 Bd8 11. 0-0 Ne7 12. Nbd2 Nf5 13. Qe2 b5 14. Rae1 0-0 15. Ne4 Bb7 16. Nfg5 Bxg5 17. Nxg5 Rad8 18. Rf2 h6 19. Ne4 a5 20. Qg4 Kh8 21. Ba3 b4 22. Bc1 Qb6 23. Qh3 Bxe4 24. dxe4 Ne7 25. Bxh6 Kg8 26. Be3 Ng6 27. Qh5 Qc7 28. Bf4 Qd7 29. Bg5 Ne7 30. Rf3 Qd4+ 31. Be3 Qxe4 32. Rh3 g5 33. Qh8# 1-0

[Event "Schleswig-Holstein-ch HT"]
[Site "Bad Segeberg"]
[Date "2018.03.29"]
[Round "8"]
[White "Neitzel, Juergen"]
[Black "Schuett, Guenter"]
[Result "0-1"]
[WhiteElo "1349"]
[BlackElo "1550"]
[PlyCount "72"]
[EventDate "2018.03.24"]
[EventType "swiss"]
[EventRounds "9"]
[EventCountry "GER"]
[SourceTitle "EXT 2023"]
[Source "ChessBase"]
[SourceDate "2022.10.05"]
[SourceVersion "1"]
[SourceVersionDate "2022.10.05"]
[SourceQuality "1"]

1. c4 Nf6 2. Nc3 e6 3. a3 Nc6 4. g3 d5 5. d3 dxc4 6. dxc4 Bd6 7. Bg2 Ne5 8. Nf3 0-0 9. Nxe5 Bxe5 10. Qb3 Rb8 11. Ne4 b6 12. Nxf6+ Qxf6 13. 0-0 c5 14. Qf3 Bxb2 15. Qxf6 Bxf6 16. Bf4 e5 17. Be3 Bb7 18. Bxb7 Rxb7 19. Rad1 Rd8 20. Rxd8+ Bxd8 21. Rd1 Be7 22. Rd5 f6 23. g4 Kf7 24. f4 exf4 25. Bxf4 g5 26. Bg3 Ke6 27. e4 b5 28. e5 bxc4 29. exf6 Bxf6 30. Rxc5 Bd4+ 31. Bf2 Bxc5 32. Bxc5 Kd5 33. Be3 c3 34. Bxg5 c2 35. Kg2 Rb2 36. Bc1 Rb1 0-1

[Event "Schleswig-Holstein-ch HT"]
[Site "Bad Segeberg"]
[Date "2018.03.26"]
[Round "3"]
[White "Schiller, Dirk"]
[Black "Schuett, Guenter"]
[Result "1/2-1/2"]
[WhiteElo "1736"]
[BlackElo "1550"]
[PlyCount "120"]
[EventDate "2018.03.24"]
[EventType "swiss"]
[EventRounds "9"]
[EventCountry "GER"]
[SourceTitle "EXT 2023"]
[Source "ChessBase"]
[SourceDate "2022.10.05"]
[SourceVersion "1"]
[SourceVersionDate "2022.10.05"]
[SourceQuality "1"]

1. e4 c5 2. Nc3 Nc6 3. Bc4 e6 4. f4 d6 5. Nf3 g6 6. d3 Bg7 7. 0-0 Nge7 8. Qe1 0-0 9. Qh4 Nd4 10. Bb3 Nxf3+ 11. Rxf3 Nc6 12. Qxd8 Rxd8 13. g4 Nd4 14. Rg3 b5 15. Kf2 a5 16. a3 a4 17. Ba2 Nxc2 18. Rb1 b4 19. Nxa4 Bb7 20. Nb6 Ra6 21. Nc4 d5 22. Nd2 dxe4 23. Nxe4 Bd5 24. Bxd5 Rxd5 25. axb4 Nxb4 26. Ke2 h6 27. Bd2 Nc6 28. Bc3 f5 29. Bxg7 Kxg7 30. Nc3 Nd4+ 31. Ke3 Rd7 32. Rbg1 e5 33. fxe5 Re7 34. Kf2 Rxe5 35. gxf5 Nxf5 36. Rg4 Rf6 37. Ne4 Rb6 38. Rb1 Rb3 39. Ke2 Nd6 40. Kd2 Nb5 41. Rf4 Rd5 42. Nf2 c4 43. Rxc4 Na3 44. Rc7+ Kf6 45. Ne4+ Ke6 46. Nc5+ Rxc5 47. Re1+ Kd6 48. Rxc5 Kxc5 49. bxa3 Rxa3 50. Rc1+ Kd4 51. Rc4+ Kd5 52. h4 Ra2+ 53. Ke3 Ra3 54. Rg4 Ra6 55. Rd4+ Ke5 56. Rc4 Re6 57. Kf3 Rf6+ 58. Ke3 Kd5 59. Ra4 Re6+ 60. Kf4 Rf6+ 1/2-1/2